000 004960000a22001810004500
020 _a0-8054-6047-0
041 0 _aENG
082 0 4 _aG 268.6 B9151t
100 1 _aBryan, C. Doug (1954-)
245 1 0 _aLearning to teach teaching to learn : A holistic approach / C. Doug Bryan
260 _aNashville, TN., USA :_ Broadman
300 _a207 Pag
001 8000
942 _cBK
999 _c38199
_d38199
336 _atexto
_btxt
_2rdacontent
337 _2rdamedia
_asin mediación
_bn
338 _2rdacarrier
_avolumen
_bnc